Mezinárodní projekt PECO PANEL PROJECT pro měření kvality národního registru ekonomických subjektů
Nové metódy Českého štatistického úradu pri získavaní štatistických dát. Kvalita registra. Charakteristika panelového skúmania na registri: celková charakteristika projektu, charakteristika dotazníku, technologické podmienky realizácie panelového výskumu. Realizácia a vyhodnotenie pilotného výskumu:...
Na minha lista:
| Autor principal: | |
|---|---|
| Formato: | Capítulo de Livro |
| Idioma: | tcheco |
| Assuntos: | |
| Tags: |
Sem tags, seja o primeiro a adicionar uma tag!
|
MARC
| LEADER | 00000naa a2200000 4500 | ||
|---|---|---|---|
| 001 | r018136 | ||
| 005 | 20221205102801.0 | ||
| 041 | 0 | |a cze | |
| 044 | |a CZ | ||
| 245 | 1 | 0 | |a Mezinárodní projekt PECO PANEL PROJECT pro měření kvality národního registru ekonomických subjektů |c S. Palas |
| 520 | |a Nové metódy Českého štatistického úradu pri získavaní štatistických dát. Kvalita registra. Charakteristika panelového skúmania na registri: celková charakteristika projektu, charakteristika dotazníku, technologické podmienky realizácie panelového výskumu. Realizácia a vyhodnotenie pilotného výskumu: základné ciele, realizácia, správa o výsledku. Overovací dotazník pre podniky, ktoré vznikli v rokoch 1990-1994. | ||
| 610 | 2 | 0 | |a metódy štatistické |
| 610 | 2 | 0 | |a skúmanie štatistické |
| 610 | 2 | 0 | |a dotazníky |
| 610 | 2 | 0 | |a ČSÚ Praha |
| 100 | 1 | |a Palas, S. | |